000 00330nam a2200133Ia 4500
008 191201s2009 xx 000 0 und d
082 _a332.6
_bFIS
100 _aFISCHER, Donald E.
245 0 _aSecurity Analysis and Portfolio Management
260 _aN.Delhi
_bPearson
_c2009
300 _a703
650 _aMBA
942 _2ddc
_cBK
999 _c3520
_d3520